Normal view MARC view

Entry Personal Name

Number of records used in: 1

001 - CONTROL NUMBER

  • control field: 4517

003 - CONTROL NUMBER IDENTIFIER

  • control field: OSt

005 - DATE AND TIME OF LATEST TRANSACTION

  • control field: 20150505135908.0

008 - FIXED-LENGTH DATA ELEMENTS

  • fixed length control field: 150505|| aca||aabn | a|a d

040 ## - CATALOGING SOURCE

  • Original cataloging agency: OSt
  • Transcribing agency: OSt

100 ## - HEADING--PERSONAL NAME

  • Personal name: Calnan C D

670 ## - SOURCE DATA FOUND

  • Source citation: Work cat.: (OSt): levene G M 4516, A colour Atlas of Dermatology /, 1993